Southville International School and Colleges
Your cart is empty.
  • Cart
  • Lists
    Public lists Eva Luna New books Lux_list list_1
    Your lists Log in to create your own lists
  • Log in to your account
  • Your cookies
  • Search history
Southville International School and Colleges
  • Advanced search
  • Recent comments
  • Most popular
  • Libraries

Log in to your account

Log in with GOOGLE


If you do not have an external account, but do have a local account, you can still log in:

  1. Home
  2. MARC view: 1000+ little habits of happy, successful relationships /
Normal view MARC view ISBD view

1000+ little habits of happy, successful relationships / (Record no. 366451)

[ view plain ]
MARC details
000 -LEADER
fixed length control field 00833nam a22002177a 4500
003 - CONTROL NUMBER IDENTIFIER
control field 0
005 - DATE AND TIME OF LATEST TRANSACTION
control field 20241004100509.0
008 - FIXED-LENGTH DATA ELEMENTS--GENERAL INFORMATION
fixed length control field 241004b xxu||||| |||| 00| 0 eng d
020 ## - INTERNATIONAL STANDARD BOOK NUMBER
International Standard Book Number 9780593327739
050 ## - LIBRARY OF CONGRESS CALL NUMBER
Classification number BF 575
Item number .C521 2021
100 ## - MAIN ENTRY--PERSONAL NAME
Personal name Chernoff, Marc,
Relator term author.
245 ## - TITLE STATEMENT
Title 1000+ little habits of happy, successful relationships /
Statement of responsibility, etc Marc and Angel Chernoff.
260 ## - PUBLICATION, DISTRIBUTION, ETC. (IMPRINT)
Place of publication, distribution, etc New York :
Name of publisher, distributor, etc A TarcherPerigee Book,
Date of publication, distribution, etc 2021.
300 ## - PHYSICAL DESCRIPTION
Extent xvi, 331 p. ;
Dimensions 22 cm.
520 ## - SUMMARY, ETC.
Summary, etc "New York Times bestselling authors Marc and Angel Chernoff deliver inspiring, actionable advice for keeping relationships strong--for couples, parents, friends, and more"-- Provided by publisher.
650 ## - SUBJECT ADDED ENTRY--TOPICAL TERM
Topical term or geographic name as entry element Self-acceptance.
650 ## - SUBJECT ADDED ENTRY--TOPICAL TERM
Topical term or geographic name as entry element Families.
650 ## - SUBJECT ADDED ENTRY--TOPICAL TERM
Topical term or geographic name as entry element Interpersonal relations.
700 ## - ADDED ENTRY--PERSONAL NAME
Personal name Chernoff, Angel,
Relator term author.
942 ## - ADDED ENTRY ELEMENTS (KOHA)
Source of classification or shelving scheme Library of Congress Classification
Koha item type Books
Holdings
Withdrawn status Lost status Source of classification or shelving scheme Damaged status Home library Current library Shelving location Date acquired Source of acquisition Sub Shelving location Total Checkouts Full call number Barcode Date last seen Date checked out Price effective from Koha item type
    Library of Congress Classification   Luxembourg Library Luxembourg Library High School Section 10/04/2024 Library Fund   4 BF 575 .C521 2021 21273 03/17/2025 03/10/2025 10/04/2024 Books

1000+ little habits of happy, successful relationships /

APA

Chernoff M., Chernoff A., . (2021). 1000+ little habits of happy, successful relationships. New York: A TarcherPerigee Book.

Chicago

Chernoff Marc, Chernoff Angel, . 2021. 1000+ little habits of happy, successful relationships. New York: A TarcherPerigee Book.

Harvard

Chernoff M., Chernoff A., . (2021). 1000+ little habits of happy, successful relationships. New York: A TarcherPerigee Book.

MLA

Chernoff Marc, Chernoff Angel, . 1000+ little habits of happy, successful relationships. New York: A TarcherPerigee Book. 2021.

  • Place hold
  • Print
  • Cite
  • Add to your cart (remove)
  • Save record
    BIBTEX Dublin Core MARCXML MARC (non-Unicode/MARC-8) MARC (Unicode/UTF-8) MARC (Unicode/UTF-8, Standard) MODS (XML) RIS
  • More searches
    Search for this title in:
    Other Libraries (WorldCat) Other Databases (Google Scholar) Online Stores (Bookfinder.com) Open Library (openlibrary.org)

Exporting to Dublin Core...

SOUTHVILLE LIBRARY

Southville International School and Colleges Library

1281 Tropical Ave. Cor. Luxembourg St., BF Homes International, Las Pinas City

Tel. No. 8256374 / 252358 Loc. 117/146

Powered by Koha